|
|
|
|
| LEADER |
01815nam a2200409 a 4500 |
| 001 |
36681 |
| 003 |
BD-DhAAL |
| 005 |
20191127132208.0 |
| 008 |
191127t2001 bg bs 000 0 benod |
| 999 |
|
|
|c 41919
|d 41919
|
| 010 |
|
|
|a 2002302644
|
| 020 |
|
|
|a 9847761000
|
| 025 |
|
|
|a B-B-2002-302644; 22
|
| 035 |
|
|
|a (DLC) 2002302644
|
| 037 |
|
|
|b Library of Congress -- New Delhi Overseas Office
|c Tk150.00 ($8.00 U.S.)
|
| 040 |
|
|
|a DLC
|c DLC
|d BD-DhAAL
|
| 042 |
|
|
|a lcode
|
| 043 |
|
|
|a a-bg---
|
| 050 |
0 |
0 |
|a HC440.8
|b .A637 2001
|
| 082 |
|
|
|a 330.95492
|
| 100 |
|
|
|a আলী, মুহম্মদ মাহবুব
|9 37759
|
| 245 |
1 |
0 |
|a উন্নয়ন ও অর্থনীতি, প্রসঙ্গে বাংলাদেশ /
|c মুহম্মদ মাহবুব আলী
|
| 246 |
|
|
|a Development and economics : special reference to Bangladesh
|
| 246 |
|
|
|a Unnoyan O arthanithi : prasonga Bangladesh
|
| 260 |
|
|
|a ঢাকা :
|b ঐতিহ্য,
|c ২০০১
|
| 300 |
|
|
|a ১৭৫ পৃষ্ঠা :
|b চিত্র ;
|c ২২ সে.মি.
|
| 500 |
|
|
|a Includes statistics.
|
| 504 |
|
|
|a বিবলিওগ্রাফী অন্তর্ভুক্ত।
|
| 520 |
|
|
|a Economic development in Bangladesh and policy perspectives of the government.
|
| 526 |
|
|
|a ESS
|
| 541 |
|
|
|a Complimentary copy from Professor Dr. Nasreen Khundker
|e 36681
|
| 546 |
|
|
|a In Bengali.
|
| 651 |
|
0 |
|a Bangladesh
|x Economic conditions.
|9 37760
|
| 651 |
|
0 |
|a Bangladesh
|x Economic policy.
|9 37761
|
| 852 |
|
|
|a Ayesha Abed Library
|c General Stacks
|
| 942 |
|
|
|2 ddc
|c BK
|
| 952 |
|
|
|0 0
|1 0
|2 ddc
|4 0
|6 330_954920000000000_ALI
|7 0
|9 67308
|a BRACUL
|b BRACUL
|c GEN
|d 2019-11-27
|e Complimentary copy from Professor Dr. Nasreen Khundker
|l 0
|o 330.95492 ALI
|p 3010036681
|r 2019-11-27
|t 1
|w 2019-11-27
|y BK
|